Sínodos diocesanos y legislación particular: estudios históricos en honor al Dr. D. Francisco Cantelar Rodríguez
Gespeichert in:
| 1. Verfasser: | |
|---|---|
| Format: | Buch |
| Sprache: | Spanisch Französisch Portugiesisch |
| Veröffentlicht: |
Salamanca
Universidad Pontificia
1999
|
| Schriftenreihe: | Bibliotheca Salmanticensis. Estudios, 210
|
| Schlagworte: | |
| Tags: |
Tag hinzufügen
Keine Tags, Fügen Sie den ersten Tag hinzu!
|
MARC
| LEADER | 00000nam a2200000 a 4500 | ||
|---|---|---|---|
| 001 | UCM3383 | ||
| 003 | CL-VaPUC | ||
| 008 | 020705e19990000SP |||||||||||||||||spa|d | ||
| 041 | 0 | 7 | |a spa |2 CL-VaPUC |
| 041 | 0 | 7 | |a fre |2 CL-VaPUC |
| 041 | 0 | 7 | |a por |2 CL-VaPUC |
| 082 | 0 | 4 | |a 262.9 |b JUS |2 21 |
| 100 | 0 | |a Justo Fernández, Jaime |e author |9 470133 | |
| 245 | 1 | 0 | |a Sínodos diocesanos y legislación particular: estudios históricos en honor al Dr. D. Francisco Cantelar Rodríguez |
| 300 | |a 284 p | ||
| 942 | |c BK | ||
| 945 | |d 20020705 00:00:00 |a cmena | ||
| 260 | |a Salamanca |b Universidad Pontificia |c 1999 | ||
| 600 | 0 | 7 | |a CANTELAR RODRIGUEZ, FRANCISCO |2 CL-VaPUC |9 470134 |
| 650 | 7 | |a DERECHO CANONICO |2 CL-VaPUC |9 470135 | |
| 650 | 7 | |a HISTORIA DEL DERECHO CANONICO |2 CL-VaPUC |9 470136 | |
| 650 | 0 | |a Teología social |9 326726 | |
| 650 | 7 | |a MATRIMONIO |2 CL-VaPUC |9 470137 | |
| 650 | 0 | |a Sacramentos |9 257270 | |
| 650 | 0 | |a Derecho privado |9 258243 | |
| 583 | |a last modification |c 20020705 00:00:00 |k Rodrigo Vera | ||
| 490 | 0 | |a Bibliotheca Salmanticensis. Estudios, 210 | |
| 999 | |c 300751 |d 300749 | ||
| 952 | |0 0 |1 0 |4 0 |6 262_900000000000000_JUS_1999 |7 0 |8 DER_HDC |9 358974 |a BIBDER |b BIBDER |d 2019-11-21 |i 3815854 |o 262.9 JUS 1999 |p 3815854 |r 2023-01-25 |w 2019-11-21 |x Ubicación 4to Piso |y BK |z Estos recursos deben solicitarse con anticipación |k DER | ||